000 00321nam a22001457a 4500
003 SGT
020 _a9780140271171
082 _a923.154
_bT98R
100 _aRAO, P.V. NARSIMHA
245 _aTHE INSIDER
260 _aINDIA
_bPENGUIN BOOKS
_c1998
300 _a833
650 _aPRIME MINISTER OF INDIA
942 _2ddc
_cBK
999 _c25877
_d25877